000
00464nam a2200169Ia 4500
008
090711s9999 xx 000 0 und d
082
_b
23203
100
_a
शहा सुरेखा
245
_a
Sाक्रव्युह
260
_c
1966
300
_a
155
600
_a
शहा सुरेखा
630
_a
Sाक्रव्युह
700
_a
शहा सुरेखा
730
_a
Sाक्रव्युह
942
_c
BOOK
999
_c
299268
_d
299268